Teória inovačnej difúzie

Salvato in:
Dettagli Bibliografici
Autore principale: Danková, Lenka, 1993-
Natura: Capitolo di libro
Lingua:slovacco
Soggetti:
Tags: Aggiungi Tag
Nessun Tag, puoi essere il primo ad aggiungerne!!

MARC

LEADER 00000naa$a2200000$$$4500
001 0243683
005 20240502073939.5
041 0 |a slo 
044 |a SK 
245 1 0 |a Teória inovačnej difúzie  |c Lenka Danková 
500 |a Abstrakt 
610 2 0 |a inovácia 
610 2 0 |a inovácie sociálne 
610 2 0 |a inovácie technologické 
100 1 |a Danková, Lenka, 1993-